000 00574nam a2200217 a 4500
001 BRCA_6354
005 20190320205425.0
008 190811s1940----nyu#######---#000-0#eng-#
041 _aeng
044 _anyu
050 4 _aPS659
_b.E8 1940
130 0 _aEsquire
_915927
245 1 0 _aThe bedside Esquire
_cedited by Arnold Gingrich.
260 _aNueva York
_bGrosset & Dunlap
_c1940
300 _a703 p.
_c21 cm.
500 _aK134
650 1 4 _aLietratura norteamericana
_ySiglo XX
_915928
700 1 _aGingrich, Arnold
_eed.
_915929
902 _aGFM
942 _2lcc
_cB
999 _c6040
_d6040